Podnikové financie praktické aplikácie a zbierka príkladov

Salvato in:
Dettagli Bibliografici
Autore principale: Fetisovová, Elena
Ente Autore: Ekonomická univerzita v Bratislave
Altri autori: Jánošová, Veronika, 1953-, Markovič, Peter, 1974-, Miková, Oľga, Vlachynský, Karol, Sivák, Rudolf, 1955-, Jusko, Marián
Natura: Libro
Lingua:slovacco
Pubblicazione: Bratislava Iura Edition 2009
Serie:Ekonómia
Soggetti:
Tags: Aggiungi Tag
Nessun Tag, puoi essere il primo ad aggiungerne!!

MARC

LEADER 00000nam$a2200000$$$4500
001 0093156
005 20240502072035.0
020 |a 978-80-8078-259-7 
041 0 |a slo 
044 |a SK 
245 1 0 |a Podnikové financie  |b praktické aplikácie a zbierka príkladov  |c Elena Fetisovová a kolektív 
264 1 |a Bratislava  |b Iura Edition  |c 2009 
300 |a 177 s. 
490 1 |a Ekonómia 
830 0 |a Ekonómia 
610 2 0 |a financie podnikové 
610 2 0 |a riadenie finančné 
610 2 0 |a riadenie podnikové 
610 2 0 |a kapitál vlastný 
610 2 0 |a úver 
610 2 0 |a investície finančné 
610 2 0 |a majetok obežný 
610 2 0 |a hodnota podniku 
610 2 0 |a plánovanie podnikové 
610 2 0 |a plánovanie finančné 
100 1 |a Fetisovová, Elena 
700 1 |a Jánošová, Veronika, 1953- 
700 1 |a Markovič, Peter, 1974- 
700 1 |a Miková, Oľga 
700 1 |a Vlachynský, Karol 
700 1 |a Sivák, Rudolf, 1955- 
700 1 |a Jusko, Marián 
710 2 |a Ekonomická univerzita v Bratislave